Návrh systému hodnotenia zamestnancov v a. s. Makyta, Púchov : Diplomová práca

Uložené v:
Podrobná bibliografia
Hlavný autor: Pagáčová, Zuzana (Autor)
Ďalší autori: Holková, Andrea (xxx)
Médium: Rukopis Kniha
Jazyk:Slovak
Vydavateľské údaje: Trnava : STU v Bratislave MtF KMK, 2000
Predmet:
Tagy: Pridať tag
Žiadne tagy, Buďte prvý, kto otaguje tento záznam!

MARC

LEADER 00000ntm a22000003a 4500
001 stu80143
005 20160719154926.5
008 030331s2000----xo------------------slo-d
040 |a STU  |b slo 
041 0 |a slo 
044 |a xo 
100 1 |a Pagáčová, Zuzana  |4 aut 
245 1 |a Návrh systému hodnotenia zamestnancov v a. s. Makyta, Púchov :  |b Diplomová práca 
260 |a Trnava :  |b STU v Bratislave MtF KMK,  |c 2000 
300 |a 63 s  |c abstr. + príl. 
650 7 |a hodnotenie pracovníkov  |2 stusub 
650 7 |a manažment priemyselných podnikov  |2 stusub 
700 1 |a Holková, Andrea  |4 xxx  |u M4000  |U MTF Materiálovotechnologická fakulta  |T MTF Ústav priemyselného inžinierstva a manažmentu  |U M4000  |Y 84